[Event "Medellin Amateur op"]
[Site "Medellin"]
[Date "2011.04.23"]
[Round "7.13"]
[White "Garcia O, Juan David"]
[Black "Cardona, Gregorio"]
[Result "0-1"]
[WhiteElo "1600"]
[BlackElo "1682"]
[PlyCount "112"]
[EventDate "2011.04.20"]
[EventType "swiss"]
[EventRounds "9"]
[EventCountry "COL"]
[SourceTitle "EXT 2024"]
[Source "ChessBase"]
[SourceDate "2023.10.10"]
[SourceVersion "1"]
[SourceVersionDate "2023.10.10"]
[SourceQuality "1"]

1. d4 Nf6 2. c4 g6 3. Nc3 d5 4. Nf3 Bg7 5. e3 0-0 6. Be2 c5 7. 0-0 cxd4 8. Nxd4 dxc4 9. Bxc4 Qc7 10. b3 Ng4 11. f4 Nc6 12. h3 Nxd4 13. exd4 Nf6 14. Be3 Be6 15. Nb5 Qb6 16. Rc1 Rac8 17. Qe2 Nd5 18. Bxd5 Bxd5 19. Nc3 e6 20. Nxd5 exd5 21. Rc5 Qe6 22. Qf3 Rxc5 23. dxc5 Rd8 24. Bf2 Qe4 25. Qxe4 dxe4 26. Be3 f5 27. Rc1 Bd4 28. Kf2 Bxe3+ 29. Kxe3 Rd3+ 30. Ke2 Rg3 31. Kf2 Rd3 32. Rc2 Kf7 33. b4 Ke6 34. c6 bxc6 35. Rxc6+ Kd5 36. Ra6 Rd2+ 37. Kf1 Kd4 38. Rxa7 Kc4 39. Rxh7 Rxa2 40. Rg7 Kd3 41. Rxg6 Ra1+ 42. Kf2 e3+ 43. Kg3 e2 44. Re6 e1Q+ 45. Rxe1 Rxe1 46. Kh4 Ke4 47. Kg5 Rf1 48. g3 Rf3 49. Kh4 Rb3 50. g4 Kxf4 51. g5 Rg3 52. b5 Rxg5 53. b6 Rg6 54. Kh5 Rxb6 55. h4 Ke3 56. Kg5 f4 0-1

[Event "Medellin Amateur op"]
[Site "Medellin"]
[Date "2011.04.21"]
[Round "3.29"]
[White "Garcia O, Juan David"]
[Black "Rendon Benitez, Mateo"]
[Result "1-0"]
[WhiteElo "1600"]
[BlackElo "1588"]
[PlyCount "37"]
[EventDate "2011.04.20"]
[EventType "swiss"]
[EventRounds "9"]
[EventCountry "COL"]
[SourceTitle "EXT 2024"]
[Source "ChessBase"]
[SourceDate "2023.10.10"]
[SourceVersion "1"]
[SourceVersionDate "2023.10.10"]
[SourceQuality "1"]

1. d4 d5 2. e3 e6 3. Nf3 Nf6 4. Nbd2 Nbd7 5. Bd3 Be7 6. 0-0 0-0 7. Ne5 c5 8. b3 Qc7 9. f4 Rb8 10. a4 Qa5 11. Ba3 b6 12. Nc6 Qc3 13. Nxe7+ Kh8 14. Nc6 Ne4 15. Bxe4 dxe4 16. Nxb8 Nxb8 17. Nc4 Rd8 18. Bb2 Qb4 19. c3 1-0